banner-ar

جدة أم الرخا و الشدة : (Record no. 61077)

MARC details
000 -الفاتح
حقل البيانات ثابتة الطول 01504nam a22003137a 4500
005 - وقت وتاريخ اخر تعامل مع التسجيلة
رقم الضبط 20240530110442.0
008 - عناصر البيانات ثابتة الطول - معلومات عامة
حقل البيانات ثابتة الطول 150330s2006 ua ag b 000 0 ara d
017 ## - رقم الايداع القانونى
رقم الايداع القانونى 2006/7398
المصدر ( الهيئة المختصة) مصر . دار الكتب المصرية
020 ## - الرقم الدولى المعيارى للكتب
الرقم الدولى المعيارى للكتاب 9770915556
040 ## - مصدر الفهرسة
وكالة الفهرسة الأصلية EG-CaGPL
082 04 - رقم تصنيف ديوى العشرى
رقم الطبعة 21
رقم التصنيف 306.87\
رقم المادة ث ج
100 0# - المدخل الرئيسى - إسم شخصى
الإسم الشخصى ثريا التركى
245 10 - بيان العنوان
العنوان جدة أم الرخا و الشدة :
بقية العنوان تحولات الحياة الاسرية بين فترتين /
بيان المسئوليه,etc ثريا التركى ، ابو بكر باقادر ؛ بمشاركة امال طنطاوى .
250 ## - بيان الطبعة
بيان الطبعة ط1.
260 ## - PUBLICATION, DISTRIBUTION, ETC. (IMPRINT)
تاريخ النشر أو التوزيع 2006.
300 ## - الوصف المادى
التعداد 343 ص ؛
أبعاد الوعاء 24 سم.
504 ## - تبصرة ببليوجرافية
تبصرة ببليوجرافية,الخ يشتمل على ارجاعات ببليوجرافية
650 04 - المدخل الاضافى بالموضوع-مصطلح موضوعى
مصطلح موضوعي الزواج
التقسيم الفرعي الجغرافي المملكة العربية السعودية
650 04 - المدخل الاضافى بالموضوع-مصطلح موضوعى
مصطلح موضوعي الزواج
التقسيم الفرعي العام العادات والتقاليد
التقسيم الفرعي الجغرافي المملكة العربية السعودية
650 04 - المدخل الاضافى بالموضوع-مصطلح موضوعى
مصطلح موضوعي الزواج
التقسيم الفرعي الجغرافي جدة
651 04 - المدخل الاضافى بالموضوع - اسم جغرافى
الاسم الجغرافي المملكة العربية السعودية
التقسيم الفرعي العام العادات والتقاليد
651 04 - المدخل الاضافى بالموضوع - اسم جغرافى
الاسم الجغرافي المملكة العربية السعودية
التقسيم الفرعي العام الاحوال الاجتماعية
651 04 - المدخل الاضافى بالموضوع - اسم جغرافى
الاسم الجغرافي جدة
التقسيم الفرعي العام الهجرات الداخلية
651 04 - المدخل الاضافى بالموضوع - اسم جغرافى
الاسم الجغرافي المملكة العربية السعودية
التقسيم الفرعي العام الهجرات
700 0# - المدخل الاضافى - اسم شخصى
الإسم الشخصى ابوبكر باقادر
الدور مؤلف مشارك
700 0# - المدخل الاضافى - اسم شخصى
الإسم الشخصى امال طنطاوى
الدور مؤلف مشارك
942 ## - عناصر المدخل الإضافي( كوها)
مصدر التصنيف او مخطط الترفيف Dewey Decimal Classification
Koha [default] item type كتاب
260 ## - PUBLICATION, DISTRIBUTION, ETC. (IMPRINT)
-- القاهرة :
-- دار الشروق ،
Holdings
حالة التراجع حالة الفقد حالة تلف ليس للاعارة المكان المؤقت الموقع الحالى تاريخ الاكتساب اجمالي اﻻعارات رقم الطلب الباركود تاريخ اخر مشاهدة تاريخ تفعيل السعر نوع وعاء كوها
        مكتبة القاهرة الكبرى مكتبة القاهرة الكبرى 04/21/2015   306.87\ ث ج 160297 04/21/2015 04/21/2015 كتاب

Powered By

EGPV